000 00494nam a2200145 i 4500
001 bg
245 0 _aDzieje literatur europejskich.
_nT. 3.
_nCz. 1,
_pLiteratura rosyjska, literatura ukraińska, literatura białoruska, literatura czeska, literatura łużycka /
_cpod red. Władysława Floryana.
260 _aWarszawa,
_c1989.
700 1 _aFloryan, Władysław.
_eRed.
040 _cBPK
041 _apol
080 _a820/899(091)
942 _cKS
008 s pl f |000 0 pol
999 _c29029
_d29029
856 _uhttp://koha.tu.koszalin.pl/cgi-bin/koha/opac-detail.pl?biblionumber=29029
_yKatalog online BPK